000 00587nam a2200193Ia 4500
003 OSt
005 20250930150525.0
008 220926b |||||||| |||| 00| 0 eng d
037 _cReference.
040 _aRTL
_cRTL
_beng
041 _2eng
_aeng
084 _aR3xL24:g, M2/SC
_qRTL
100 _aScruton, Roger.
_9371196
245 0 _aKant.
260 _aOxford
_boxford university Press
_c1982
300 _a99 p.
_ccm.
_b A general introduction to the philosophy of history.
942 _hR3xL24:g, M2/SC
_cREF
_2CC
_n0
999 _c691423
_d691423